000 00320nam a2200145Ia 4500
008 210210b1943 xxu||||| |||| 00| 0 eng d
041 _aeng
082 _a320/576
100 _aSTOCKES (A P)
245 _aUSSR
260 _a
_bNot Mentioned
_c1943
650 _aUSSR
690 _aPolitical Science
906 _a003209
999 _c118546
_d118546